Géographie - Villes de la région Hauts-de-France - Clic Quiz - Statistiques

Statistiques générales
  • Ce quiz a été pris 32 fois
  • Le résultat moyen est 42 sur 150
Statistiques - réponses
Hint Réponse % Correct
Margny-lès-Compiègne Oise
55%
Douai Nord
50%
Loos Nord
50%
Lesquin Nord
50%
Senlis Oise
50%
Lille Nord
45%
Roubaix Nord
45%
Marcq-en-Barœul Nord
45%
Wasquehal Nord
45%
Ronchin Nord
45%
Saint-André-lez-Lille Nord
45%
Aulnoy-lez-Valenciennes Nord
45%
Beauvais Oise
45%
Calais Pas-de-Calais
45%
Saint-Quentin Aisne
41%
Laon Aisne
41%
Château-Thierry Aisne
41%
Tourcoing Nord
41%
Villeneuve-d'Ascq Nord
41%
Wattrelos Nord
41%
Maubeuge Nord
41%
Hem Nord
41%
Seclin Nord
41%
Fourmies Nord
41%
Escaudain Nord
41%
Valenciennes Nord
36%
Cambrai Nord
36%
Lambersart Nord
36%
Armentières Nord
36%
Hazebrouck Nord
36%
La Madeleine Nord
36%
Mons-en-Barœul Nord
36%
Halluin Nord
36%
Faches-Thumesnil Nord
36%
Caudry Nord
36%
Wattignies Nord
36%
Roncq Nord
36%
Comines Nord
36%
Bruay-sur-l'Escaut Nord
36%
Aniche Nord
36%
Wambrechies Nord
36%
Leers Nord
36%
Waziers Nord
36%
Compiègne Oise
36%
Creil Oise
36%
Nogent-sur-Oise Oise
36%
Arras Pas-de-Calais
36%
Saint-Martin-Boulogne Pas-de-Calais
36%
Soissons Aisne
32%
Dunkerque Nord
32%
Grande-Synthe Nord
32%
Croix Nord
32%
Denain Nord
32%
Bailleul Nord
32%
Lys-lez-Lannoy Nord
32%
Somain Nord
32%
Marquette-lez-Lille Nord
32%
Annœullin Nord
32%
Aulnoye-Aymeries Nord
32%
La Chapelle-d'Armentières Nord
32%
Fresnes-sur-Escaut Nord
32%
Crépy-en-Valois Oise
32%
Chantilly Oise
32%
Clermont Oise
32%
Chambly Oise
32%
Boulogne-sur-Mer Pas-de-Calais
32%
Saint-Omer Pas-de-Calais
32%
Amiens Somme
32%
Abbeville Somme
32%
Tergnier Aisne
27%
Saint-Amand-les-Eaux Nord
27%
Haubourdin Nord
27%
Hautmont Nord
27%
Anzin Nord
27%
Marly Nord
27%
Saint-Saulve Nord
27%
Vieux-Condé Nord
27%
Jeumont Nord
27%
Bondues Nord
27%
Condé-sur-l'Escaut Nord
27%
Onnaing Nord
27%
Orchies Nord
27%
Linselles Nord
27%
Houplines Nord
27%
Wavrin Nord
27%
Méru Oise
27%
Noyon Oise
27%
Pont-Sainte-Maxence Oise
27%
Lens Pas-de-Calais
27%
Hénin-Beaumont Pas-de-Calais
27%
Béthune Pas-de-Calais
27%
Étaples Pas-de-Calais
27%
Arques Pas-de-Calais
27%
Vendin-le-Vieil Pas-de-Calais
27%
Albert Somme
27%
Coudekerque-Branche Nord
23%
Sin-le-Noble Nord
23%
Mouvaux Nord
23%
Raismes Nord
23%
Gravelines Nord
23%
Téteghem-Coudekerque-Village Nord
23%
Nieppe Nord
23%
Bourbourg Nord
23%
Gouvieux Oise
23%
Liévin Pas-de-Calais
23%
Berck Pas-de-Calais
23%
Outreau Pas-de-Calais
23%
Courcelles-lès-Lens Pas-de-Calais
23%
Péronne Somme
23%
Chauny Aisne
18%
Villers-Cotterêts Aisne
18%
Hirson Aisne
18%
Neuville-en-Ferrain Nord
18%
Merville Nord
18%
Pérenchies Nord
18%
Cappelle-la-Grande Nord
18%
Liancourt Oise
18%
Bruay-la-Buissière Pas-de-Calais
18%
Avion Pas-de-Calais
18%
Carvin Pas-de-Calais
18%
Nœux-les-Mines Pas-de-Calais
18%
Marck Pas-de-Calais
18%
Le Portel Pas-de-Calais
18%
Billy-Montigny Pas-de-Calais
18%
Mazingarbe Pas-de-Calais
18%
Wimereux Pas-de-Calais
18%
Auby Nord
14%
Montataire Oise
14%
Lamorlaye Oise
14%
Bully-les-Mines Pas-de-Calais
14%
Sallaumines Pas-de-Calais
14%
Isbergues Pas-de-Calais
14%
Libercourt Pas-de-Calais
14%
Leforest Pas-de-Calais
14%
Douchy-les-Mines Nord
9%
Méricourt Pas-de-Calais
9%
Longuenesse Pas-de-Calais
9%
Courrières Pas-de-Calais
9%
Auchel Pas-de-Calais
9%
Montigny-en-Gohelle Pas-de-Calais
9%
Aire-sur-la-Lys Pas-de-Calais
9%
Oignies Pas-de-Calais
9%
Beuvry Pas-de-Calais
9%
Rouvroy Pas-de-Calais
9%
Achicourt Pas-de-Calais
9%
Houdain Pas-de-Calais
9%
Harnes Pas-de-Calais
5%
Lillers Pas-de-Calais
5%
Wingles Pas-de-Calais
5%
Barlin Pas-de-Calais
5%
Aucun quiz correspondant
Distribution des résultats
% des personnes avec chaque résultat
Percentile par nombre de réponses
Votre historique - résultats
Vous n’avez pas pris ce quiz